00494nam a22001457a 4500020001800000082001600018100001900034245005800053260004100111300000800152650002700160942000700187952013700194999001700331 a9781851685561 a305.486 BAD aBadran, Margot aFeminism in Islam: Secular and Religious Convergences aOxfordbOne World Publicationsc2011 a349 aMuslim Women-attitudes cBK 001040708NFICaHMIbHMIcGENd2020-09-15eDasgupta Publishers, Kolkatag595.00l0o305.486 BADp25806r2020-09-25w2020-09-25yBK c23122d23122